[Event "GAMMA Reykjavik Open 2019"]
[Site "Reykjavik"]
[Date "2019.04.09"]
[Round "3.11"]
[White "Jones, Gawain C B"]
[Black "Kjartansson, Gudmundur"]
[Result "1/2-1/2"]
[WhiteElo "2698"]
[BlackElo "2444"]
[Annotator "TA"]
[PlyCount "162"]
[EventDate "2019.04.04"]
[EventType "swiss"]
[EventCountry "ISL"]
[SourceTitle "playchess.com"]
[Source "ChessBase"]
[SourceQuality "1"]

{[%evp 14,162,2,10,31,35,33,29,49,42,51,32,39,17,26,14,18,10,18,10,26,11,16,12,16,12,20,18,26,20,22,26,20,18,18,18,16,16,26,20,24,11,27,19,27,6,27,27,26,12,27,15,23,-17,40,34,43,39,53,53,53,53,53,53,53,53,53,53,60,60,60,53,53,53,53,53,53,53,53,53,53,53,61,53,187,181,160,53,53,53,53,53,70,53,69,53,53,53,53,53,72,40,34,27,21,0,53,53,53,53,53,0,0,0,0,0,919,0,0,0,0,0,0,0,0,0,0,0,0,0,0,-74,-74,-74,-74,-74,-74,-74,-74,-70,-109,-133,0,0,0,0,0,0,0,0,0]} 1. e4 c6 2. Nc3 d5 3. Nf3 Bg4 4. h3 Bxf3 5. Qxf3 e6 6. d4 Nf6 7. Bd3 dxe4 8. Nxe4 Nxe4 {B11: Caro-Kann: Two Knights Variation} (8... Qxd4 {looks sharper.} 9. c3 Qd5 10. O-O Nbd7 11. Rd1 Ne5) 9. Qxe4 Nd7 {[%cal Bb8d7,Bd7f6,Bf6d5][%mdl 32]} 10. c3 g6 {White has an edge.} 11. h4 $146 ({Predecessor:} 11. Qf3 Bg7 12. Bf4 O-O 13. O-O e5 14. dxe5 Nxe5 15. Bxe5 Bxe5 16. Rad1 Qc7 17. Rfe1 {½-½ (17) Matinian,N (2491)-Andriasian,Z (2622) Minsk 2017}) 11... h5 12. Bg5 Be7 13. Qe3 Nf6 14. O-O-O Nd5 15. Qd2 Bxg5 16. hxg5 Qd6 17. Rh4 O-O-O 18. Qe1 Kb8 19. g3 Rhe8 20. Re4 Rd7 21. Bc2 Red8 22. Re5 Qc7 23. Qe2 Rd6 24. Bb3 a6 25. Qf3 b5 26. Rde1 R6d7 27. Kb1 Qd6 28. R1e4 Rb7 29. Rh4 a5 30. a3 Ka8 31. Qe2 Rdb8 32. Kc1 Rd8 33. Kd1 Rdb8 (33... b4 $11 34. axb4 axb4) 34. Ke1 Ra7 35. Kf1 a4 36. Bxd5 cxd5 37. g4 hxg4 38. Qxg4 Rc7 39. Qf3 Qc6 40. Rh7 Qc4+ 41. Kg2 Rbb7 42. Qf6 Ka7 43. Qf4 Rd7 44. Re3 Qa2 45. Re2 Qc4 46. Qd2 Rd8 47. Re3 Re8 48. Qe1 Rbe7 (48... Ree7 $14) 49. Rf3 $1 $18 {[%cal Rf3f7]} Qc7 50. Rf6 ({Better is} 50. Qe5 $1 $16) 50... Rb8 $14 51. Qe3 Rb7 52. Qf3 Rd7 53. Qg3 Kb6 54. Qh4 Re7 55. Rg7 {[%cal Bh7g7,Bg7g8,Bg8h8][%mdl 32]} Qc4 56. Qg4 Ka5 57. Rg8 Qd3 58. Qf4 Qe2 59. Rh8 Red7 (59... Rbc7 $1 $11) 60. Qc1 Re7 61. Rf3 Ra7 62. Qf4 (62. Rh1 $14) 62... Qxb2 63. Rb8 {Black must now prevent Qd6.} Red7 64. Qe5 Qb1 $2 {[%mdl 8192] [#]} (64... Qc1 $11) 65. Re3 $2 (65. c4 $1 $18 {[%mdl 512]} Rdb7 (65... bxc4 66. Rxb1) 66. Rxf7 $1 {[%mdl 576] Deflection} (66. cxd5 Qc1 $16) 66... Rxf7 67. Rxb5+ Qxb5 68. Qe1+ (68. cxb5 Rae7 $16) 68... Kb6 69. cxb5) 65... Qb3 66. Qh8 Qc4 67. Qf8 Re7 68. Rc8 Rec7 69. Re8 Qc6 70. Rh3 Ka6 71. Rf3 Rd7 72. Qg7 (72. Rc8 $11 {keeps the balance.} Rac7 73. Ra8+ Kb6 74. Qb8+ Qb7 75. Qf8) 72... Qd6 $17 73. Qg8 Rdc7 74. Rb8 Qe7 ({Don't go for} 74... Qxa3 $2 75. c4 $1 $18 {[%mdl 512]}) 75. Rg3 Rc4 ({Avoid the trap} 75... Qxa3 $2 76. c4 $1 $18 {[%mdl 512]}) 76. Re8 Qxa3 77. Rf3 {[#]} Qc1 ({Black should try} 77... Rcc7 $1 $17 {Threatens to win with ...Qc1.} 78. c4 Qb4 79. cxb5+ Qxb5) 78. Rxf7 $11 {The position is equal.} Qxg5+ 79. Kf1 Qc1+ 80. Kg2 Qg5+ 81. Kf1 Qc1+ {Accuracy: White = 60%, Black = 56%.} 1/2-1/2

[Event "GAMMA Reykjavik Open 2019"]
[Site "Reykjavik"]
[Date "2019.04.09"]
[Round "3.12"]
[White "Grandelius, Nils"]
[Black "Saduakassova, Dinara"]
[Result "1-0"]
[WhiteElo "2687"]
[BlackElo "2461"]
[Annotator "TA"]
[PlyCount "137"]
[EventDate "2019.04.04"]
[EventType "swiss"]
[EventCountry "ISL"]
[SourceTitle "playchess.com"]
[Source "ChessBase"]
[SourceQuality "1"]

{[%evp 16,137,20,17,48,39,66,66,96,66,85,54,53,37,49,23,61,21,18,6,43,14,95,92,95,88,91,59,163,83,183,183,151,104,101,0,158,117,203,193,197,188,183,165,347,261,285,268,271,179,214,208,320,329,364,356,352,113,95,110,115,28,24,18,8,5,8,0,0,0,8,8,8,8,38,45,162,158,175,160,232,214,219,226,197,200,198,68,69,70,70,70,66,23,20,18,25,25,289,285,164,81,81,81,280,280,273,218,369,358,350,233,686,592,612,575,516,545,528,491,1962,1657,29962,11316]} 1. Nf3 Nf6 2. g3 d5 3. Bg2 e6 4. O-O Be7 5. c4 O-O 6. b3 a5 7. Nc3 c6 8. Bb2 Nbd7 9. d4 Rb8 {A14: English Opening: 1...e6 with b3 by White} (9... b6 10. e4 Ba6 11. Nd2 Rc8 12. Re1 dxe4 13. Ndxe4 b5 14. d5 cxd5 15. cxd5 exd5 16. Nxd5 Nxd5 17. Qxd5 Rc2 18. Qd4 Nf6 19. Rec1 Qxd4 20. Bxd4 Rxc1+ 21. Rxc1 Nxe4 22. Bxe4 {1-0 (59) Predojevic,B (2617)-Saric,I (2637) Sarajevo 2011}) 10. Ne5 Bd6 $146 ({Predecessor:} 10... Nxe5 11. dxe5 Ne8 12. Qd2 Nc7 13. Rfd1 b5 14. cxd5 cxd5 15. Qf4 Bd7 16. e4 b4 17. Ne2 {1-0 (32) Van Wely,L (2475)-Cladouras,P (2370) Munich 1992}) 11. f4 Ne8 {White is slightly better.} 12. e3 Bb4 13. Ne2 Be7 14. Qc2 Nd6 15. g4 f6 16. Nxd7 (16. c5 {feels hotter.} Ne4 17. Bxe4 dxe4 18. Nc4 f5 19. Bc3) 16... Bxd7 17. f5 Qc8 {[%cal Re6f5]} 18. Ng3 b5 (18... b6 $11 {keeps the balance.}) 19. c5 $36 {[%mdl 2048] Black is under strong pressure.} Nf7 20. e4 dxe4 21. Bxe4 {Black must now prevent fxe6.} Ng5 ({Black should play} 21... e5 $14) 22. Bg2 (22. Bd3 $1 $18) 22... Bd8 (22... Nf7 $16) 23. Rae1 Nf7 24. Be4 {Hoping for fxe6.} Ng5 25. Bg2 (25. Bd3 $142) 25... Nf7 $1 26. Qf2 Bc7 (26... a4 $16) 27. fxe6 $18 Bxe6 28. Nf5 Bxf5 29. Qxf5 Nd8 $2 (29... Qxf5 30. gxf5 Rbc8) 30. Re7 Qxf5 31. gxf5 Rf7 32. Re8+ Rf8 33. Rfe1 Bf4 (33... Rxe8 $142 34. Rxe8+ Kf7) 34. R8e4 Bh6 35. Re7 Rf7 36. d5 $2 (36. R7e2 $18 {and White stays clearly on top.}) 36... Rxe7 $16 37. Rxe7 cxd5 38. Kf2 ({Better is} 38. Bxd5+ $16 Kf8 39. Re4) 38... Kf8 $11 39. Rd7 Rc8 40. Rxd5 Bf4 41. Bf1 Nc6 $1 42. Kf3 Bxh2 43. Bxb5 Nb4 $1 {[%cal Rb4d5]} 44. Bd7 Rd8 45. Rd2 Bg1 ({Black should try} 45... Bc7 $14) 46. a3 $18 Nc6 47. Bc3 $1 Nb8 (47... Ne5+ $16 {might work better.} 48. Bxe5 fxe5) 48. Bb5 Rxd2 49. Bxd2 Bxc5 50. Bxa5 {[%mdl 4096] Endgame KBB-KBN} Ke7 51. a4 ({White has to play} 51. b4 $18 Bd6 52. Ke4) 51... Kd6 $1 $14 52. Ke4 Nc6 53. Be1 Bb4 54. Bf2 Na5 55. Bg3+ Kc5 $1 56. Kd3 Nc6 $2 {[%mdl 8192]} (56... g6 $11) 57. Bf2+ $1 $18 Kd5 {[#]} 58. Bc4+ (58. Bxc6+ $1 $18 {is more deadly.} Kxc6 59. Kc4) 58... Kd6 $16 59. Bg8 Bc5 $2 (59... Ne5+ $16 {was called for.} 60. Ke4 h5) 60. Bg3+ $18 Ne5+ {[#]} 61. Kc3 $1 h5 $2 (61... h6 62. b4 Be3) 62. Bc4 Kc6 63. Be2 Ng4 $2 (63... Kd5 64. b4 (64. Bxh5 Bd4+ 65. Kc2 Ke4 $16) 64... Bd4+ 65. Kb3 Ke4) 64. Bf3+ Kd7 65. a5 {[%cal Ba4a5,Ba5a6][%mdl 32]} Ne5 66. Bxh5 Nc6 {If Black can now play ...Bb4+ this consolidates a bit.} 67. Kc4 Bb4 (67... Ba7 $142 68. b4 Be3) 68. a6 Bd6 {[#]} 69. Be8+ $1 {[%mdl 512] Accuracy: White = 46%, Black = 36%.} 1-0

[Event "GAMMA Reykjavik Open 2019"]
[Site "Reykjavik"]
[Date "2019.04.09"]
[Round "3.13"]
[White "Gupta, Abhijeet"]
[Black "Thorfinnsson, Bragi"]
[Result "0-1"]
[WhiteElo "2602"]
[BlackElo "2436"]
[Annotator "TA"]
[PlyCount "128"]
[EventDate "2019.04.04"]
[EventType "swiss"]
[EventCountry "ISL"]
[SourceTitle "playchess.com"]
[Source "ChessBase"]
[SourceQuality "1"]

{[%evp 12,128,29,7,22,16,36,24,11,18,18,21,31,26,26,0,0,0,116,91,116,122,116,0,0,0,0,0,0,-120,-121,-107,-60,-77,-43,-22,0,-39,-50,-66,-52,-203,-196,-193,-189,-188,-83,-299,-302,-365,-382,-384,-360,-376,0,0,0,0,97,97,135,129,152,148,639,8,582,0,0,0,39,-14,0,0,22,0,0,0,33,62,58,17,146,185,174,129,237,116,287,276,380,381,616,529,654,-64,-56,-50,-58,-10,-17,-20,0,0,0,0,0,-29973,-29974,-29991,-29989,-29991,-29992,-29992,-29993,-29993,-29993,-29994,-29993]} 1. d4 Nf6 2. c4 e6 3. Nf3 d5 4. g3 Be7 5. Bg2 O-O 6. O-O dxc4 7. Qc2 b6 {E05: Open Catalan: 5 Nf3 Be7} (7... a6 8. Qxc4 b5 9. Qc2 Bb7 10. Bd2 Be4 11. Qc1 Bb7 12. Rd1 Qc8 13. Ba5 c5 14. dxc5 Bxc5 15. Nbd2 Nbd7 16. Nb3 Ba7 17. Qf4 Nb6 18. Bxb6 Bxb6 19. Rac1 Qe8 20. Ne5 Bxg2 21. Kxg2 {½-½ (75) Ding,L (2813)-Radjabov,T (2757) Wijk aan Zee 2019}) 8. Bg5 Nd5 9. Bxe7 Qxe7 {White has an edge.} 10. Nbd2 Ba6 11. Nxc4 c5 12. Rac1 Rc8 13. e4 $146 ({Predecessor:} 13. Ne3 Nxe3 14. fxe3 Nd7 15. Ne5 cxd4 {1-0 (31) Ragger,M (2672)-Kosten,A (2448) Brest 2018}) 13... Nb4 $1 {[%cal Rb4c2]} 14. Qb3 b5 (14... cxd4 $1 $11 15. Rfd1 Nd7) 15. Nd6 $1 $16 {[%cal Rd6c8]} Qxd6 16. dxc5 Qd3 17. Rc3 ({Only move:} 17. Qxb4 $16 Nc6 18. Qb3 Qxb3 19. axb3) 17... Qd8 $1 $11 {And now ...N4c6 would win.} (17... Qxe4 $2 18. Nh4 $18) 18. Qxb4 Nc6 19. Qb3 $1 {Hoping for Rd1.} b4 20. Rcc1 (20. Rd1 $11 bxc3 21. Rxd8+ Rxd8 22. h4 (22. bxc3 $2 Rab8 $19) (22. Qxc3 $2 Rd1+ 23. Ne1 Nd4 $19)) 20... Bxf1 $17 21. Bxf1 a5 {[%cal Ba7a5,Ba5a4,Ba4a3][%mdl 32]} 22. Qe3 a4 23. Bb5 Qf6 24. e5 Qd8 $1 25. Qe4 Ne7 $1 {[%cal Bc6e7,Be7d5,Bd5c3][%mdl 32]} (25... Qd5 $6 26. Qxd5 exd5 27. Bxc6 $14) 26. Nd4 $2 ({Better is} 26. Ng5 $15 Nf5 27. Nxe6 fxe6 28. Bc4) 26... a3 $1 $19 {[%cal Ra3b2]} 27. b3 Ra5 $1 28. Rc4 g6 (28... Qd5 $19 29. Qe1 Rb8 30. Qxb4 Rbxb5 $1 {[%mdl 512]} 31. Nxb5 Nc6 {[%mdl 64] Double Attack}) 29. Qe1 $2 (29. Qb7 $17 {is the only way for White.}) 29... Nd5 30. Bc6 Nc3 {[%mdl 64] Overworked Piece} 31. Rxc3 Qxd4 (31... bxc3 32. Qxc3 Qc7 33. b4 $11) 32. Rc4 Qb2 $2 (32... Qd8 $19 33. Bg2 Raxc5 34. Qxb4 Rxc4 35. bxc4 Qd4 36. Qxa3 Rxc4) 33. Qxb4 $11 Ra7 34. Bb7 Rc7 (34... Qxa2 $11 {remains equal.} 35. Qb6 (35. Bxc8 Qb1+ 36. Kg2 a2 $11) 35... Qb1+ 36. Kg2 a2 37. Bxc8 a1=Q 38. Qd8+ Kg7 39. Qf6+ Kg8 40. Qd8+ Kg7 41. Qf6+ Kg8 42. Qd8+) 35. c6 $16 Qxe5 ({Of course not} 35... Qxa2 $6 36. Qd6 $11) 36. Rd4 Kg7 37. Rd8 {[%mdl 1024] Threatens to win with Qf8+. White has strong compensation.} Kf6 $2 {[%mdl 8192]} (37... h5 $16) 38. Kg2 $2 (38. Rd7 $1 $18 Rxc6 39. Qe7+ {[%mdl 64] Double Attack} Kf5 40. Qxf7+ Qf6 41. Qxh7 Rxb7 42. Rxb7) 38... g5 $2 {[%mdl 8192]} (38... Ra5 $1 $11 {and Black stays safe.}) 39. h3 $2 (39. Rd7 $18 {Strongly threatening Qe7+.} Kg6 40. h4 Rxc6 41. Qf8 (41. Bxc6 Rxd7 42. Bxd7 Qd5+ 43. Kh2 Qxd7 $14)) 39... Ra5 $1 $11 40. h4 h6 41. Rd3 (41. Rd7 $14 Rxd7 42. cxd7) 41... Rd5 42. Re3 Qd4 43. hxg5+ hxg5 44. Qxa3 Rf5 45. Qc1 Qd5+ 46. Kg1 $1 g4 {[#]} (46... Ke7 $11) 47. Qc3+ $1 $16 Kg6 48. Qd3 Qc5 (48... f6 $16 {keeps fighting.}) 49. a4 (49. Kg2 $18 {is more deadly.}) 49... Qc1+ $2 (49... f6 $16 {is a better defense.}) 50. Kg2 $18 f6 {[#] ( -> ...Rh7)} 51. Re4 $1 {[%cal Re4g4]} Qg5 $2 (51... Kf7 52. Qd6 (52. Qd8 Rxb7 53. cxb7 Qc6 $16) 52... Re7) 52. Qd1 Kh5 53. Rxe6 $2 (53. Qd6 $18 Qg7 54. Qxe6) 53... Rxf2+ $1 $40 {[%mdl 192] Decoy. White needs to defend precisely.} 54. Kxf2 Qf5+ 55. Kg2 Qxe6 $11 {[%mdl 4096] Endgame KQR-KQB} 56. Qd3 $1 f5 57. a5 Qe5 58. a6 Re7 {White must now prevent ...Qb2+.} 59. Qf1 $2 {[%mdl 8192]} (59. b4 $11) 59... Qd5+ {Black mates.} 60. Kh2 Kg6 61. Kg1 Qd4+ 62. Kg2 Qd2+ 63. Kg1 Re1 64. a7 Qe3+ {Accuracy: White = 41%, Black = 38%.} 0-1

[Event "GAMMA Reykjavik Open 2019"]
[Site "Reykjavik"]
[Date "2019.04.09"]
[Round "3.14"]
[White "Van Foreest, Jorden"]
[Black "Tomazini, Zan"]
[Result "1-0"]
[WhiteElo "2598"]
[BlackElo "2390"]
[Annotator "TA"]
[PlyCount "127"]
[EventDate "2019.04.04"]
[EventType "swiss"]
[EventCountry "ISL"]
[SourceTitle "playchess.com"]
[Source "ChessBase"]
[SourceQuality "1"]

{[%evp 12,127,61,66,72,22,40,22,29,16,21,16,25,25,24,18,50,16,41,39,61,21,30,23,32,49,78,82,70,75,77,0,0,0,-6,-3,5,5,5,5,8,-3,16,16,16,16,16,16,18,25,95,89,100,101,123,120,141,119,122,109,109,109,113,113,147,147,157,162,165,164,152,177,162,159,206,196,189,199,286,291,273,258,483,431,484,484,719,715,714,709,693,676,627,544,686,680,769,662,835,729,1281,1194,804,862,800,804,744,735,725,701,1684,1668,6079,4444,29971,29971,29978,29978]} 1. Nf3 g6 2. e4 Bg7 3. d4 d6 4. Nc3 a6 5. Bd3 (5. Bg5 b5 6. a4 b4 7. Nd5 a5 8. Bc4 c6 9. Ne3 Nf6 10. Bxf6 exf6 11. O-O O-O 12. Re1 Re8 13. Qd3 {½-½ (49) Azarov,S (2575)-Saric,I (2690) chess.com INT 2019}) 5... b5 6. O-O {B06: Modern Defence} Bb7 7. Re1 {LiveBook: 3 Games} Nd7 8. Ne2 {White is better.} c5 {aiming for ...c4.} 9. c3 Ngf6 $146 ({Predecessor:} 9... e5 10. Bg5 Ne7 11. a4 c4 {0-1 (69) Nwachukwu,C (1962)-Karlsson,J (2165) Caleta 2013}) 10. Ng3 O-O 11. a4 c4 12. Bc2 e5 13. Bg5 Qc7 14. h3 Rfe8 15. Qd2 Rad8 16. d5 Ra8 17. Nh2 Nc5 18. f4 exf4 19. Qxf4 Nfd7 20. Ng4 $1 f6 {[#]} 21. Nxf6+ (21. Bh6 $1 $16) 21... Nxf6 $11 22. Bxf6 Rf8 23. e5 Qf7 $132 {[%mdl 2048] Black is not keeping still} 24. Qd4 Bxf6 25. exf6 Qxf6 26. axb5 (26. Qxf6 {feels hotter.} Rxf6 27. axb5 axb5 28. Ne4 Nxe4 29. Rxa8+ Bxa8 30. Bxe4 Bb7 31. Ra1) 26... axb5 27. Rxa8 Bxa8 28. Qxf6 Rxf6 29. Ne4 Nxe4 30. Bxe4 {[%mdl 4096] Endgame KRB-KRB} Rf8 (30... Bb7 $11 {remains equal.}) 31. Ra1 $16 Kf7 32. Ra6 Ke7 33. Rb6 Rc8 34. Rxb5 Kd7 35. Ra5 {Hoping for Ra7+.} Bb7 36. Ra7 Kc7 {[#]} 37. Ra4 $1 Kb6 38. Rb4+ Ka6 39. Kf2 Rc5 40. Ke3 Bxd5 41. Bxd5 Rxd5 42. Rxc4 $18 {KR-KR} Kb6 43. Rd4 Re5+ 44. Re4 Rg5 (44... Rh5 {was worth a try.} 45. Re8 Kc5) 45. g4 Kc6 46. b4 {Black must now prevent c4.} Rb5 $2 (46... Rd5 47. Re7 h5) 47. Re7 h5 48. Re6 hxg4 (48... Rd5 $142 49. Rxg6 hxg4 50. hxg4 Rd1) 49. hxg4 g5 50. Rf6 Re5+ 51. Kd3 Re1 52. Rf5 Rg1 53. Rxg5 Kd7 54. c4 Ke6 55. b5 Rg3+ 56. Kd4 Kf6 57. Rf5+ Ke6 58. Rf4 Rg1 59. Re4+ Kd7 60. Ke3 Rd1 61. g5 {[%cal Bg4g5,Bg5g6][%mdl 32]} Rg1 62. Kf4 Rd1 63. g6 Rg1 64. Kf5 {Accuracy: White = 80%, Black = 38%.} 1-0

[Event "GAMMA Reykjavik Open 2019"]
[Site "Reykjavik"]
[Date "2019.04.09"]
[Round "3.15"]
[White "Low, Zhen Yu Cyrus"]
[Black "Potkin, Vladimir"]
[Result "0-1"]
[WhiteElo "2418"]
[BlackElo "2597"]
[Annotator "TA"]
[PlyCount "68"]
[EventDate "2019.04.04"]
[EventType "swiss"]
[EventCountry "ISL"]
[SourceTitle "playchess.com"]
[Source "ChessBase"]
[SourceQuality "1"]

{[%evp 14,68,17,16,6,9,8,8,8,8,8,9,12,21,20,22,6,10,16,0,49,14,28,0,0,0,0,-22,-8,-23,-5,-117,-118,-129,-129,-119,-118,-120,-128,-114,-124,-461,-266,-690,-690,-648,-631,-29986,-5818,-29987,-29988,-29987,-29988,-29993,-29994,-29994,-29995]} 1. e4 e5 2. Nf3 Nc6 3. Bc4 Bc5 4. O-O Nf6 5. d3 O-O 6. c3 d6 7. Re1 h6 8. h3 a5 {C54: Giuoco Piano: 4 c3 Nf6, main lines with 5 d4 and 5 d3} 9. Bb3 Re8 10. Nbd2 Be6 {The position is equal.} 11. Ba4 Qb8 {[#]} 12. d4 $1 {[%mdl 512]} b5 $146 {[%cal Re5d4]} (12... exd4 13. cxd4) ({Predecessor:} 12... exd4 13. cxd4 b5 14. dxc5 bxa4 15. cxd6 cxd6 16. Nb1 {0-1 (53) Harika,D (2528)-Adams,M (2745) Douglas 2016}) 13. dxc5 {Strongly threatening Bc2.} bxa4 14. cxd6 cxd6 15. Qxa4 Rc8 16. Nf1 d5 17. exd5 Bxd5 18. N3h2 Ne7 19. Ng4 Nxg4 20. Qxg4 Ra6 {[%cal Ba8a6,Ba6f6,Bf6g6][%mdl 32]} 21. Ne3 Ba8 22. Nf5 (22. f3 $11) 22... Nxf5 $17 23. Qxf5 {[#]} Rf6 $1 {[%cal Rf6f5]} 24. Qd3 Rg6 25. f3 {[#]} e4 $1 {[%mdl 512]} 26. fxe4 {[#]} f5 $1 $40 {[%mdl 640] Black attacks with force.} 27. b3 $2 {[%mdl 8192]} (27. Qc2 $17) (27. exf5 Rxg2+) 27... Re8 (27... fxe4 $142 28. Qe3 Rg3) 28. Qc4+ $2 (28. Re2 Rxe4 29. Be3) 28... Kh7 $19 29. Qf1 Rxe4 30. Rd1 Qb6+ (30... Qa7+ $142 31. Kh1 Rh4 32. Rd3 Rxg2 33. Qxg2 Bxg2+ 34. Kxg2 Qa6 35. Rg3 Qe2+ 36. Kg1 Qd1+ 37. Kg2 Re4 38. Rf3 Re6 39. Re3 Rxe3 40. Bxe3 Qxa1 {[%mdl 64] Double Attack} 41. Kf3 Qxc3 42. Ke2 Qc2+ 43. Ke1 Qxa2 44. Ba7 Qxb3 45. Kd2 Qxh3 46. Bd4 g5 47. Ba7 f4 48. Kc2 Qc8+ 49. Kd3 Qa6+ {[%mdl 64] Double Attack} 50. Kd4 Qxa7+ 51. Kc3 f3 52. Kd3 f2 53. Kc2 f1=Q 54. Kb3 Qd3+ 55. Kb2 Qf2+ 56. Kc1 Qdf1#) 31. Kh2 Qc7+ {Black mates.} 32. Kg1 Qc5+ 33. Kh2 Qe5+ 34. Kg1 Re2 {Accuracy: White = 45%, Black = 69%.} 0-1

[Event "GAMMA Reykjavik Open 2019"]
[Site "Reykjavik"]
[Date "2019.04.09"]
[Round "3.16"]
[White "Fier, Alexandr"]
[Black "Ragnarsson, Dagur"]
[Result "1-0"]
[WhiteElo "2570"]
[BlackElo "2380"]
[Annotator "TA"]
[PlyCount "55"]
[EventDate "2019.04.04"]
[EventType "swiss"]
[EventCountry "ISL"]
[SourceTitle "playchess.com"]
[Source "ChessBase"]
[SourceQuality "1"]

{[%evp 9,55,1,9,12,18,10,11,9,28,22,24,24,28,23,37,38,91,83,89,84,93,94,104,79,91,65,89,50,102,76,78,89,141,132,210,221,226,212,251,243,396,384,698,691,29990,29991,29991,29992]} 1. d4 Nf6 2. c4 g6 3. g3 c6 4. Bg2 d5 5. Qa4 Nfd7 (5... Bg7 6. cxd5 Nxd5 7. Nf3 Nb6 8. Qc2 Bg4 9. Nbd2 O-O 10. h3 Bxf3 11. Nxf3 Bxd4 12. Nxd4 Qxd4 {0-1 (42) Duda,J (2738)-Vachier Lagrave,M (2778) Germany 2019}) 6. cxd5 {D71: Fianchetto Grünfeld: 3 g3 d5 sidelines and 5 cxd5 (without Nf3)} Nb6 7. Qd1 cxd5 8. Nc3 {The position is equal.} Bg7 9. e3 O-O 10. Nge2 Nc6 11. O-O e6 12. b3 f6 $146 (12... Re8 $14) ({Predecessor:} 12... a5) 13. Nf4 Rf7 14. Ba3 a5 15. Bc5 Bf8 16. Nb5 Nb4 17. Qd2 g5 18. Ne2 (18. a3 {feels hotter.} Nc6 19. Nh5 a4 20. b4 f5 21. Qe2) 18... Nd7 (18... Bd7 $14 19. Nec3 Bc6) 19. Bxf8 $16 Nxf8 20. f4 Qb6 (20... gxf4 $142 21. exf4 (21. Nxf4 Ng6 $16) 21... Qb6) 21. Nbc3 h6 (21... gxf4 $16 22. exf4 (22. Nxf4 Ng6 $16) 22... f5) 22. fxg5 $18 hxg5 23. e4 dxe4 24. Nxe4 ({Don't do} 24. Bxe4 Qd8 $16) 24... Nd5 $2 {[#]} (24... f5 {was worth a try.} 25. Nxg5 (25. Qxg5+ Rg7 $18) 25... Rg7) 25. Nxf6+ $1 {[%mdl 576] Decoy} Rxf6 $2 (25... Nxf6 26. Qxg5+ {[%mdl 64] Double Attack} Rg7 27. Qxf6 Bd7) 26. Qxg5+ {[%mdl 64] Double Attack} Kh8 27. Rxf6 Nh7 28. Rh6 {Accuracy: White = 81%, Black = 37%.} 1-0

[Event "GAMMA Reykjavik Open 2019"]
[Site "Reykjavik"]
[Date "2019.04.09"]
[Round "3.17"]
[White "Bjornsson, Sigurbjorn"]
[Black "Djukic, Nikola"]
[Result "1-0"]
[WhiteElo "2312"]
[BlackElo "2566"]
[Annotator "TA"]
[PlyCount "69"]
[EventDate "2019.04.04"]
[EventType "swiss"]
[EventCountry "ISL"]
[SourceTitle "playchess.com"]
[Source "ChessBase"]
[SourceQuality "1"]

{[%evp 25,69,20,30,-53,-47,-49,-43,-62,95,101,97,0,143,131,119,70,514,515,510,491,500,500,493,493,485,493,467,485,463,441,479,184,230,185,180,195,420,318,660,646,29988,29989,29992,29993,29993,29994]} 1. e4 c5 2. Nf3 d6 3. d4 cxd4 4. Nxd4 Nf6 5. Nc3 g6 6. Be3 Bg7 7. f3 O-O 8. Bc4 Nc6 {[%cal Bb8c6,Bc6a5,Ba5c4,Bc4e3][%mdl 32]} 9. Qd2 Bd7 10. O-O-O Rb8 11. Bb3 Na5 12. h4 b5 {[%cal Bb7b5,Bb5b4][%mdl 32]} 13. h5 Nc4 $1 {[%cal Rc4d2] LiveBook: 20 Games} (13... gxh5 $2 14. Bh6 $18) 14. Qe1 {B78: Sicilian Dragon: Yugoslav Attack, 9 Bc4 Bd7 10 0-0-0 Rc8} ({White should play} 14. Bxc4 $1 $11 bxc4 15. h6) (14. Bxc4 bxc4 15. hxg6 fxg6 16. Bh6 Qb6 17. b3 Bxh6 18. Qxh6 Qa5 19. Kb2 Rfc8 20. Nd5 cxb3 21. axb3 Kf7 22. Qd2 Qxd2 23. Rxd2 {½-½ (46) Fedoseev,V (2724)-Nakamura,H (2787) Moscow 2018}) 14... Nxe3 $15 15. Qxe3 {And now h6 would win.} b4 16. Nce2 {[#] Black is slightly better.} Qa5 $146 (16... e5 $15 17. hxg6 hxg6) ({Predecessor:} 16... e5 17. Nf5 gxf5 18. h6 f4 19. Nxf4 Ng4 20. Qd2 Bxh6 21. Rxh6 Nxh6 {½-½ (41) Bromberger,S (2521)-Papp,G (2583) Germany 2014}) 17. g4 $16 Qc5 18. Kb1 (18. hxg6 $16 hxg6 19. Nf4) 18... Rfc8 (18... a5 $11) 19. hxg6 $1 hxg6 20. Nf4 $36 {[%mdl 2048] Strongly threatening Nxg6. White has good play.} Qg5 $2 {[%mdl 8192] [#]} (20... e6 $14) 21. Nf5 $1 $18 {[%mdl 512]} gxf5 (21... Bxf5 22. exf5) 22. gxf5 Ng4 {[#]} 23. Bxf7+ $1 {[%mdl 576] Clearance} Kxf7 24. Qb3+ Kf8 ({Wrong is} 24... d5 $2 25. Qxd5+ Kf8 26. Ng6+ Qxg6 27. fxg6) 25. Ng6+ Qxg6 26. fxg6 {[%csl Gg6][%cal Rb3f7]} Ne5 {intending ...Nc4.} 27. Qe3 Be8 28. Rh7 $2 (28. Qf4+ Kg8 29. Rdg1) 28... Bxg6 {[#]} 29. Rxg7 $1 {[%mdl 512]} Kxg7 {[#]} 30. f4 $1 {[%cal Rf4e5]} Nc4 $2 {[#]} (30... Ng4 31. Qg3 (31. Qxa7 Kf8 $14) 31... Bxe4 32. Qxg4+ Kf7) 31. Qd4+ $1 e5 $2 (31... Kf7 32. f5 (32. Rg1 Bxe4 33. Rg7+ Kf8 $15) 32... Bh7 33. Qd5+ (33. Qxa7 Rf8 $16) 33... Kg7 34. Rg1+ Kh8) 32. Qxa7+ Kf8 33. Rh1 {[%cal Rh1h8] White mates.} Bf7 34. Rh7 {[%csl Gh7][%cal Ra7f7]} Nd2+ 35. Kc1 {Accuracy: White = 68%, Black = 34%.} 1-0